New directions for vocational education; a State model. A report prepared for the Massachusetts Advisory Council on Education
Saved in:
| Main Authors: | , |
|---|---|
| Corporate Author: | |
| Other Authors: | |
| Format: | Book |
| Language: | English |
| Published: |
Lexington, Mass.,
Heath Lexington Books
[1971]
|
| Subjects: | |
| Tags: |
Add Tag
No Tags, Be the first to tag this record!
|
| LEADER | 01128cam a2200277 4500 | ||
|---|---|---|---|
| 001 | 003106201-6 | ||
| 005 | 20020606093309.7 | ||
| 008 | 710304s1971 mau b 000 0 eng | ||
| 010 | |a 79145899 //r85 | ||
| 035 | 0 | |a ocm00123994 | |
| 040 | |a DLC |c DLC |d m.c. |d HMG | ||
| 043 | |a n-us-ma | ||
| 050 | 0 | |a LC1046.M4 |b S29 | |
| 082 | |a 373.2/46/09744 | ||
| 100 | 1 | |a Schaefer, Carl J., |d 1920- | |
| 245 | 1 | 0 | |a New directions for vocational education; |b a State model. A report prepared for the Massachusetts Advisory Council on Education |c [by] Carl J. Schaefer [and] Jacob J. Kaufman. |
| 260 | |a Lexington, Mass., |b Heath Lexington Books |c [1971] | ||
| 300 | |a xv, 295 p. |c 23 cm. | ||
| 504 | |a Includes bibliographical references. | ||
| 650 | 0 | |a Vocational education |z Massachusetts. | |
| 700 | 1 | |a Kaufman, Jacob Joseph. |e joint author. | |
| 710 | 2 | |a Massachusetts Advisory Council on Education. | |
| 700 | 1 | |a Kaufman, Jacob Joseph, |e author. | |
| 776 | 0 | 8 | |i Online version: |a Schaefer, Carl J., 1920- |t New directions for vocational education. |d Lexington, Mass., Heath Lexington Books [1971] |w (OCoLC)610248977 |
| 988 | |a 20020608 | ||
| 906 | |0 DLC | ||


